LEADER 01161nam0-2200325---450- 001 990009179030403321 005 20100427160505.0 035 $a000917903 035 $aFED01000917903 035 $a(Aleph)000917903FED01 035 $a000917903 100 $a20100427d1969----km-y0itay50------ba 101 0 $aeng 102 $aUS 105 $aa-------001yy 200 1 $aDrugs Affecting Lipid Metabolism$eproceedings of the Third International Symposium on Drugs Affecting Lipid Metabolism, held in Milan, Italy, September 9-11, 1968$fEdited by William L. Holmes ; Lars A. Carlson ; Rodolfo Paoletti 210 $aNew York$cPlenum Press$d1969 215 $aXII, 681 p.$cill.$d26 cm 225 1 $aAdvances in experimental medicine and biology$iDrugs affecting Lipid Metabolism$v4 610 0 $aFarmacologia 700 1$aHolmes,$bWilliam L.$0313007 701 1$aCarlson,$bLars A.$0507646 701 1$aPaoletti,$bRodolfo$f<1931- >$064925 801 0$aIT$bUNINA$gRICA$2UNIMARC 901 $aBK 912 $a990009179030403321 952 $aAUfa 3A 28$b13438$fDBEC 959 $aDBEC 996 $aDrugs Affecting Lipid Metabolism$9779554 997 $aUNINA LEADER 01504nam0-22004091i-450 001 990000681480403321 005 20200327102040.0 035 $a000068148 035 $aFED01000068148 035 $a(Aleph)000068148FED01 035 $a000068148 100 $a20020821d1982----km-y0itay50------ba 101 1 $aita$afre 105 $aa---ac--001yy 200 1 $a<>architettura ragionata$eestratti dal dizionario: costruzione, gusto, proporzione, restauro, scala, simmetria, stile, unità$fEugène Viollet-Le-Duc$gsaggio introduttivo commento e apparati di M. Antonietta Crippa 210 $aMilano$cJaca book$d1982 215 $a381 p.$cill.$d23 cm 225 1 $aDi fronte e attraverso$v74 300 $aTraduzioni di Adriana Maria Colombini Mantovani 454 0$12001$aDictionnaire raisonne de l'architecture française du XI au XVI siècle$91570016 610 0 $aArchitettura$aFrancia$aSec. 11.-14. 676 $a720.944 700 1$aViollet-le-Duc,$bEugène Emmanuel$f<1814-1879>$0333236 702 1$aCrippa,$bMaria Antonietta$f<1946- > 801 0$aIT$bUNINA$gRICA$2UNIMARC 901 $aBK 912 $a990000681480403321 952 $aB 72 CAN$b199/67$fDARPU 952 $a01 DA III 6007$b05183$fDINST 952 $a16.208$b22$fDARST 952 $aFONDO ROSSI 22$bROSSI 22$fFARBC 959 $aFARBC 959 $aDARPU 959 $aDINST 959 $aDARST 996 $aDictionnaire raisonne de l'architecture française du XI au XVI siècle$91570016 997 $aUNINA LEADER 02571nam 2200613Ia 450 001 9910458954003321 005 20200520144314.0 010 $a1-60781-953-8 035 $a(CKB)2560000000050192 035 $a(OCoLC)670429778 035 $a(CaPaEBR)ebrary10415929 035 $a(SSID)ssj0000412045 035 $a(PQKBManifestationID)11268342 035 $a(PQKBTitleCode)TC0000412045 035 $a(PQKBWorkID)10366114 035 $a(PQKB)11092003 035 $a(MiAaPQ)EBC3571988 035 $a(MdBmJHUP)muse48865 035 $a(Au-PeEL)EBL3571988 035 $a(CaPaEBR)ebr10415929 035 $a(OCoLC)932327127 035 $a(EXLCZ)992560000000050192 100 $a20090202d2009 ub 0 101 0 $aeng 135 $aurcn||||||||| 181 $ctxt 182 $cc 183 $acr 200 10$aArchaeoclimatology atlas of Oregon$b[electronic resource] $ethe modeled distribution in space and time of the past climates of Oregon /$fReid A. Bryson, Katherine McEnaney DeWall, and Alison Stenger 210 $aSalt Lake City $cUniversity of Utah Press$dc2009 215 $a1 online resource (345 p.) 300 $a"Seventy-two full-color, supplemental spatial maps not included in the printed volume may be accessed free of charge at the University of Utah Press Web site"--P. [i]. 311 $a0-87480-926-6 320 $aIncludes bibliographical references and index. 327 $aStatewide climate mapping -- Case study : Salem -- Case study : the Portland Basin and Lake River region -- Models for western Oregon -- Case study : Wildcat Canyon, Arlington -- Models for the Columbia Plateau and valleys -- Case study : Diamond Pond, Voltage / Anthony H. Ruter and Reid A. Bryson -- Models for the Interior Basin -- Storms and rivers -- Typhoons and the Middle Holocene -- Case study : river modeling near Woodburn -- Modeled river discharge. 606 $aPaleoclimatology$zOregon 606 $aHuman beings$xClimatic factors$zOregon 606 $aHuman ecology$zOregon$xHistory 607 $aOregon$xClimate 608 $aElectronic books. 615 0$aPaleoclimatology 615 0$aHuman beings$xClimatic factors 615 0$aHuman ecology$xHistory. 676 $a551.69795 700 $aBryson$b Reid A$0882461 701 $aDeWall$b Katherine McEnaney$01036634 701 $aStenger$b Alison$01036635 801 0$bMiAaPQ 801 1$bMiAaPQ 801 2$bMiAaPQ 906 $aBOOK 912 $a9910458954003321 996 $aArchaeoclimatology atlas of Oregon$92457074 997 $aUNINA LEADER 01025nam0 2200253 4500 001 000037353 005 20250423151511.0 010 $a9781795806633 100 $a20250226d2023----km-y0itay50------ba 101 0 $aeng 105 $aa-------001yy 200 1 $aUnit from Zero to Proficiency$e(foundations)$ea step-by-step guide tu creating your first 3D and 2D game environments$fPatrick Felicia 205 $aThird edition 210 $a[S.l.]$d2023 215 $aXXIV, 210 p.$cill.$d28 cm. 500 10$aUnit from Zero to Proficiency : (foundations$94315540 610 1 $aGiochi elettronici$aProgrammazione 676 $a794.81526$v23$9Giochi d'abilità al chiuso. Giochi elettronici, giochi con l'elaboratore. Elaborazione dei dati, applicazioni. Programmazione per microelaboratori 700 1$aFelicia,$bPatrick$0771213 801 3$aIT$bICCU$c20250217$gRICA$2UNIMARC 912 $a000037353 951 $a794-U/1$b49917$cNAVA1$d2025 996 $aUnit from Zero to Proficiency : (foundations$94315540 997 $aUNIPARTHENOPE